[Event "Druzynowe Mistrzostw Polski Juniorow - II Liga"]
[Site "Wroclaw"]
[Date "1899-12-30"]
[Round "6.81"]
[White "Dylong, Antoni"]
[Black "Stanislawski, Karol"]
[Result "0-1"]
[WhiteTitle "I"]
[BlackTitle "I"]
[WhiteElo "1576"]
[BlackElo "1678"]

1. e4 c5 2. c3 d5 3. exd5 Qxd5 4. d4 g6 5. Nf3 Bg7 6. Be2 Nc6 7. Be3 cxd4 8. Nxd4
Nxd4 9. Bxd4 Bxd4 10. Qxd4 Qxd4 11. cxd4 Nf6 12. Nc3 O-O 13. O-O Rd8 14. Rfd1
Be6 15. Bf3 Nd5 16. Rac1 Nxc3 17. bxc3 Bxa2 18. Bxb7 Rab8 19. Bf3 Bc4 20. Rb1
e6 21. g3 a5 22. Ra1 Rb5 23. Re1 Rc8 24. Re5 Rxe5 25. dxe5 Rc5 26. Re1 Bb3 27.
Bd1 Rxc3 28. Bxb3 Rxb3 29. Ra1 Rb5 30. f4 Kf8 31. Rc1 Rb7 32. Rc8+ Ke7 33. Ra8
Rb1+ 34. Kg2 Ra1 35. Ra7+ Kf8 36. h4 a4 37. Ra8+ Kg7 38. Ra7 a3 39. Ra8 f5 40.
Ra7+ Kg8 41. Ra8+ Kf7 42. Ra7+ Ke8 43. Rxh7 Kd8 44. Ra7 Kc8 45. Ra4 Kb7 46. Ra5
Kb6 47. Ra8 Kc5 48. Rc8+ Kd4 49. Ra8 Kc3 50. Rc8+ Kb2 51. g4 fxg4 52. f5 exf5
53. Kf2 f4 54. e6 g3+ 55. Ke2 g2 0-1

[Event "Druzynowe Mistrzostw Polski Juniorow - II Liga"]
[Site "Wroclaw"]
[Date "1899-12-30"]
[Round "6.82"]
[White "Gorecki, Michal"]
[Black "Hlubek, Tymoteusz"]
[Result "1-0"]
[WhiteTitle "II"]
[BlackTitle "II"]
[WhiteElo "1311"]
[BlackElo "1153"]

1. e4 c6 2. d4 d5 3. e5 Bf5 4. Ne2 e6 5. Ng3 Bg6 6. h4 h6 7. h5 Bh7 8. Bd3 Bxd3
9. cxd3 Qb6 10. Be3 Nd7 11. O-O Ne7 12. Qg4 O-O-O 13. Nc3 Qc7 14. Rfc1 Kb8 15.
Nb5 cxb5 16. Rxc7 Kxc7 17. Rc1+ Kb6 18. f4 Nc6 19. a3 b4 20. Qd1 a5 21. a4 Be7
22. Nf1 g6 23. Nd2 g5 24. fxg5 Bxg5 25. Qe2 Rhg8 26. Nc4+ dxc4 27. d5+ Bxe3+ 28.
Qxe3+ Ka6 29. dxc6 bxc6 30. Rxc4 c5 31. d4 Rg4 32. Qe2 Rg5 33. Rxc5+ Ka7 34. Rxa5+
Kb7 35. Qb5+ Nb6 36. Ra6 Rd6 37. a5 Rc6 38. Rxb6+ Rxb6 39. Qxb6+ Kc8 40. a6 1-0

[Event "Druzynowe Mistrzostw Polski Juniorow - II Liga"]
[Site "Wroclaw"]
[Date "1899-12-30"]
[Round "6.83"]
[White "Kulpa, Karolina"]
[Black "Oszutowska, Anna"]
[Result "0-1"]
[WhiteTitle "I"]
[BlackTitle "I"]
[WhiteElo "1461"]
[BlackElo "1248"]

1. e4 c5 2. Nf3 e6 3. d4 cxd4 4. Nxd4 Nc6 5. Nb5 d6 6. N1c3 a6 7. Na3 b5 8. Nab1
Bb7 9. Bd3 Nf6 10. Be3 Be7 11. f3 Qc7 12. Nd2 Rd8 13. O-O d5 14. exd5 Nxd5 15.
Nxd5 Rxd5 16. Be4 Rd7 17. Qe2 O-O 18. Nb3 Rfd8 19. Rfd1 Bd6 20. g3 Ne5 21. Bd4
Bxe4 22. fxe4 Nc4 23. Rd3 e5 24. Bc3 b4 25. Be1 Nxb2 26. Rd5 Nc4 27. Rad1 a5 28.
Bf2 a4 29. Nd2 Na3 30. Rc1 Be7 31. Rxd7 Rxd7 32. Nf3 Bc5 33. Kg2 Bxf2 34. Qxf2
f6 35. Qe1 Qc4 36. Nh4 Nb5 37. Nf5 Nc3 38. Kf3 Qxa2 39. Ne3 Qe6 40. Ra1 h6 41.
Kf2 Nxe4+ 42. Kf1 Nc3 43. Nd1 Nxd1 44. Rxd1 Rxd1 45. Qxd1 a3 46. Qd8+ Kh7 47.
Qc7 Kg6 0-1

[Event "Druzynowe Mistrzostw Polski Juniorow - II Liga"]
[Site "Wroclaw"]
[Date "1899-12-30"]
[Round "6.84"]
[White "Lukasik, Aleksandra"]
[Black "Nguyen, Doan Bao Anh Angelina"]
[Result "1-0"]
[WhiteTitle "II+"]
[BlackTitle "II+"]
[WhiteElo "1127"]
[BlackElo "1032"]

1. e4 c5 2. Nf3 Nc6 3. d4 cxd4 4. Nxd4 g6 5. c4 Bg7 6. Nc2 d6 7. Be2 Nf6 8. Nc3
Bd7 9. Be3 a6 10. O-O O-O 11. Qd2 Rc8 12. Rac1 Ne5 13. Na3 Neg4 1-0

[Event "Druzynowe Mistrzostw Polski Juniorow - II Liga"]
[Site "Wroclaw"]
[Date "1899-12-30"]
[Round "6.85"]
[White "Bartlomowicz, Jakub"]
[Black "Jaskiewicz, Kacper"]
[Result "0-1"]
[WhiteTitle "I"]
[BlackTitle "I"]
[WhiteElo "1922"]
[BlackElo "1756"]

1. e4 c6 2. d4 d5 3. Nc3 dxe4 4. Nxe4 Nf6 5. Nxf6+ exf6 6. c3 Bd6 7. Bd3 O-O 8.
Ne2 Re8 9. Qc2 h6 10. O-O Nd7 11. Be3 Nf8 12. h3 Bc7 13. c4 Ne6 14. c5 Bb8 15.
Rfe1 Qc7 16. Ng3 h5 17. Rad1 h4 18. Nf1 Bd7 19. Bf5 Qc8 20. d5 cxd5 21. Rxd5 Bb5
22. Bxe6 Qxe6 23. Rh5 g6 24. Rxh4 Qxa2 25. Qd2 Qe6 26. Ng3 f5 27. Kh2 f6 28. Bd4
Qf7 29. Rxe8+ Bxe8 30. Qg5 Be5 31. Bxe5 fxe5 32. Nh5 Qf8 33. Nf6+ Kf7 34. Nd5
Kg8 35. Nf6+ Kf7 36. Rh7+ Ke6 37. Nxe8 Qxe8 38. Rxb7 Rc8 39. Rxa7 Rc6 40. b4 e4
41. Qg3 Kd5 42. Rc7 g5 43. Rxc6 Kxc6 44. Qxg5 Qe5+ 45. Qg3 f4 46. Qg6+ Kb5 47.
Qb6+ Ka4 48. Qd6 Qf5 49. Qd4 f3 50. g3 Qe6 51. Qd6 Qc4 52. Qd7+ Kxb4 53. Qb7+
Kxc5 54. Qc7+ Kd4 55. Qxc4+ Kxc4 56. g4 Kd3 57. g5 e3 58. g6 exf2 59. g7 f1=Q
60. g8=Q Qe2+ 0-1

[Event "Druzynowe Mistrzostw Polski Juniorow - II Liga"]
[Site "Wroclaw"]
[Date "1899-12-30"]
[Round "6.86"]
[White "Stepinski, Piotr"]
[Black "Bochenek, Ryszard"]
[Result "1-0"]
[WhiteTitle "I"]
[BlackTitle "II+"]
[WhiteElo "1568"]
[BlackElo "1544"]

1. e4 c5 2. Nf3 d6 3. c3 Nf6 4. h3 g6 5. Bd3 Bg7 6. Bc2 O-O 7. O-O Nc6 8. d4 cxd4
9. cxd4 Nb4 10. Nc3 Nxc2 11. Qxc2 b6 12. Be3 Ba6 13. Rfd1 Rc8 14. Rac1 Bb7 15.
d5 Nd7 16. Bd4 Bh6 17. Rb1 f5 18. Re1 fxe4 19. Qxe4 e5 20. Be3 Nf6 21. Qd3 Bxe3
22. fxe3 Nh5 23. Ne4 Rc7 24. Nfg5 Ng7 25. Rf1 Rf5 26. Nf3 Qf8 27. Nfd2 Rcf7 28.
Rxf5 gxf5 29. Nc3 Qc8 30. Re1 Ba6 31. Nb5 Qc5 32. a4 f4 33. Ne4 Qb4 34. Rf1 Bxb5
35. axb5 Nh5 36. Ng5 Rg7 37. Ne6 Rg3 38. Qe2 Qe4 39. Rf2 Qg6 40. exf4 Rxh3 41.
fxe5 Qb1+ 42. Rf1 Rh1+ 43. Kxh1 Ng3+ 44. Kh2 Nxf1+ 45. Kh3 Qf5+ 46. Qg4+ Qxg4+
47. Kxg4 Ne3+ 48. Kf3 Nxd5 49. exd6 Nf6 50. Kf4 Kf7 51. Nd4 Nd7 52. Ke4 Nf6+ 53.
Ke5 h5 54. g3 Nd7+ 55. Kd5 Ke8 56. Nc6 Nc5 57. b4 1-0

[Event "Druzynowe Mistrzostw Polski Juniorow - II Liga"]
[Site "Wroclaw"]
[Date "1899-12-30"]
[Round "6.87"]
[White "Blaszkiewicz, Jakub"]
[Black "Gawlik, Olivier"]
[Result "1-0"]
[WhiteTitle "II"]
[BlackTitle "II+"]
[WhiteElo "1405"]
[BlackElo "1384"]

1. e4 c5 2. d3 e6 3. g3 Nf6 4. Bg2 Nc6 5. f4 d5 6. e5 Nd7 7. Nf3 Be7 8. O-O O-O
9. Kh1 f6 10. exf6 Nxf6 11. Nc3 a6 12. a4 Qc7 13. Re1 Bd6 14. Bd2 Bd7 15. Ng5
Rae8 16. f5 Nd8 17. fxe6 Bc6 18. Ne2 Nxe6 19. Nxe6 Rxe6 20. Nf4 Rxe1+ 21. Qxe1
Bxf4 22. Bxf4 Qd7 23. Qc3 Bxa4 24. Qxc5 Rc8 25. Qd4 Bc6 26. Bg5 Rf8 27. Ra5 Qc7
28. b4 Kh8 29. Bxf6 Rxf6 30. Bxd5 Qe7 31. Qe4 Qxe4+ 32. dxe4 h6 33. Kg1 Bxd5 34.
exd5 Rb6 35. c3 Rf6 36. Rc5 Rd6 37. Kf2 Kh7 38. c4 h5 39. Ke3 Kg6 40. Kd4 Kf6
41. Rc7 b5 42. c5 Rd8 43. Rc6+ 1-0

[Event "Druzynowe Mistrzostw Polski Juniorow - II Liga"]
[Site "Wroclaw"]
[Date "1899-12-30"]
[Round "6.88"]
[White "Haladaj, Adam"]
[Black "Lesnikowski, Maciej"]
[Result "1-0"]
[WhiteTitle "II"]
[BlackTitle "II"]
[WhiteElo "1361"]
[BlackElo "1332"]

1. e4 e5 2. Nf3 Nc6 3. d4 exd4 4. Bc4 Bb4+ 5. c3 dxc3 6. O-O Nge7 7. Ng5 O-O 8.
Qh5 h6 9. Nxf7 Rxf7 10. Qxf7+ Kh8 11. Qh5 Qf8 12. a3 Ba5 13. b4 Bb6 14. Nxc3 Qf6
15. Bb2 Bd4 16. Nd5 Nxd5 17. Qxd5 Kh7 18. Bxd4 Nxd4 19. e5 Qb6 20. Qg8+ Kg6 21.
Bd3+ Kh5 22. Qf7+ Kg5 23. f4+ Kh4 24. g3+ Kg4 25. Qxg7+ Kh3 26. Qg6 Qxg6 27. Bxg6
Kg4 28. Kg2 b6 29. h3# 1-0

[Event "Druzynowe Mistrzostw Polski Juniorow - II Liga"]
[Site "Wroclaw"]
[Date "1899-12-30"]
[Round "6.90"]
[White "Kruszewska, Malgorzata"]
[Black "Babinska, Liwia"]
[Result "1/2-1/2"]
[WhiteTitle "II"]
[BlackTitle "I"]
[WhiteElo "1012"]
[BlackElo "1331"]

1. d4 d5 2. c4 c6 3. Nc3 Nf6 4. Bg5 Bf5 5. Bxf6 exf6 6. e3 dxc4 7. Bxc4 Be6 8.
Bd3 Be7 9. Nf3 f5 10. O-O Nd7 11. Re1 O-O 12. Qc2 g6 13. Qe2 Bf6 14. Bc4 Bxc4
15. Qxc4 Nb6 16. Qd3 Rc8 17. Rad1 Nd5 18. Nxd5 Qxd5 19. b3 c5 20. Rc1 cxd4 21.
Nxd4 Rfd8 22. Rxc8 Rxc8 23. Rd1 Qa5 24. Qb1 Qc3 25. Nb5 Qc2 26. Nxa7 Qxb1 27.
Rxb1 Ra8 28. Nb5 Rxa2 29. Nd6 b6 30. Nc4 b5 31. Nd6 b4 32. Nc4 Bc3 33. Kf1 Kf8
34. Rd1 Ke7 35. g3 h5 36. h4 Bf6 37. Kg2 Rc2 38. Kf3 Rc3 39. Rb1 Ke6 40. Kf4 1/2-1/2

[Event "Druzynowe Mistrzostw Polski Juniorow - II Liga"]
[Site "Wroclaw"]
[Date "1899-12-30"]
[Round "6.91"]
[White "Wesolek, Krzysztof"]
[Black "Makhynia, Kostiantyn"]
[Result "1/2-1/2"]
[WhiteTitle "I"]
[BlackTitle "II"]
[WhiteElo "1747"]
[BlackElo "1717"]

1. e4 c5 2. Nf3 Nc6 3. Bb5 e5 4. O-O Bd6 5. c3 Nge7 6. d4 cxd4 7. cxd4 exd4 8.
Nxd4 a6 9. Ba4 Be5 10. Be3 O-O 11. f4 Bxd4 12. Bxd4 Nxd4 13. Qxd4 d5 14. exd5
Qxd5 15. Qxd5 Nxd5 16. Bb3 Nf6 17. Nc3 Bd7 18. Rad1 Bc6 19. Nd5 Nxd5 20. Bxd5
Bxd5 21. Rxd5 Rfd8 22. Rfd1 Rxd5 23. Rxd5 g6 24. Rd7 b5 25. Kf2 Rc8 26. Rd6 Rc2+
27. Kg3 Rxb2 28. Rxa6 b4 29. h3 b3 30. axb3 Rxb3+ 1/2-1/2

[Event "Druzynowe Mistrzostw Polski Juniorow - II Liga"]
[Site "Wroclaw"]
[Date "1899-12-30"]
[Round "6.92"]
[White "Gajec, Roza"]
[Black "Ostojski, Dawid"]
[Result "0-1"]
[WhiteTitle "I"]
[BlackTitle "II"]
[WhiteElo "1268"]
[BlackElo "1337"]

1. e4 c6 2. d4 d5 3. exd5 cxd5 4. Bd3 Nc6 5. c3 Nf6 6. Nf3 Bg4 7. h3 Bh5 8. Nbd2
e6 9. Qb3 Qc7 10. O-O Bd6 11. Re1 O-O 12. Qc2 Rac8 13. a3 Rfe8 14. c4 dxc4 15.
Qxc4 Qb6 16. Qa4 Red8 17. Nc4 Qc7 18. Nce5 Bxe5 19. Nxe5 Rxd4 20. Qb5 Rd5 21.
Qb3 Rxe5 0-1

[Event "Druzynowe Mistrzostw Polski Juniorow - II Liga"]
[Site "Wroclaw"]
[Date "1899-12-30"]
[Round "7.1"]
[White "Kolodziejski, Piotr"]
[Black "Dziendziel, Mateusz"]
[Result "1/2-1/2"]
[WhiteTitle "k"]
[BlackTitle "I"]
[WhiteElo "2107"]
[BlackElo "1884"]

1. e4 c5 2. Nf3 d6 3. d4 Nf6 4. Nc3 cxd4 5. Nxd4 g6 6. Be3 Bg7 7. f3 O-O 8. Qd2
Nc6 9. Bc4 Nxd4 10. Bxd4 Be6 11. Bxe6 fxe6 12. O-O-O Qa5 13. Kb1 Rac8 14. h4 Nh5
15. Bxg7 Kxg7 16. Qd4+ Kg8 17. Ne2 Qc5 18. Qd2 Qe5 19. Qe3 a6 20. Rhg1 b5 21.
g3 Qc5 22. Qd3 Qc4 23. b3 Qxd3 24. Rxd3 e5 25. Kc1 Rc5 26. Kd2 Rfc8 27. c3 Kf7
28. Ke3 Nf6 29. Rgd1 Ke6 30. Rc1 Nd7 31. Rh1 Nf6 32. Rc1 Nd7 33. Rh1 Nf6 1/2-1/2

[Event "Druzynowe Mistrzostw Polski Juniorow - II Liga"]
[Site "Wroclaw"]
[Date "1899-12-30"]
[Round "7.2"]
[White "Herwy, Jakub"]
[Black "Kejna, Piotr"]
[Result "0-1"]
[WhiteTitle "I++"]
[BlackTitle "CM"]
[WhiteElo "1905"]
[BlackElo "1970"]

1. e4 c5 2. f4 Nc6 3. Nf3 g6 4. Be2 Bg7 5. c3 d5 6. e5 Bg4 7. O-O e6 8. Na3 a6
9. Nc2 Nge7 10. d4 Bxf3 11. Rxf3 cxd4 12. cxd4 Rc8 13. Be3 Nf5 14. Bf2 h5 15.
h3 Qc7 16. Bd3 Bf8 17. g4 hxg4 18. hxg4 Ng7 19. f5 gxf5 20. gxf5 Nxf5 21. Bxf5
exf5 22. Ne3 Ne7 23. Qd3 f4 24. Rxf4 Bh6 25. Rh4 Rg8+ 26. Ng4 Bg5 27. Rh3 Qc2
28. Qf3 Rc6 29. Rg3 Qxb2 30. Re1 Re6 31. Qd3 b5 32. Qh7 Reg6 33. e6 fxe6 34. Ne5
Rf8 35. Rf1 Rh6 36. Qg7 Rxf2 37. Rxf2 Qa1+ 38. Rf1 Qxd4+ 39. Kg2 Qd2+ 40. Rf2
Rh2+ 41. Kxh2 Qxf2+ 42. Kh3 Qxg3+ 43. Kxg3 Nf5+ 44. Kg4 Nxg7 45. Kxg5 Ke7 46.
Nd3 Kd6 47. Kf6 Nf5 48. Ne5 Nd4 49. Nf7+ Kc5 50. Ke5 b4 51. Nd8 Nc6+ 0-1

[Event "Druzynowe Mistrzostw Polski Juniorow - II Liga"]
[Site "Wroclaw"]
[Date "1899-12-30"]
[Round "7.3"]
[White "Komendecki, Antoni"]
[Black "Lecki, Leonard"]
[Result "1/2-1/2"]
[WhiteTitle "I++"]
[BlackTitle "I"]
[WhiteElo "1880"]
[BlackElo "1612"]

1. e4 c5 2. Nf3 e6 3. d4 cxd4 4. Nxd4 Nc6 5. g3 Nf6 6. Bg2 Qc7 7. O-O a6 8. Re1
d6 9. Nc3 Nd7 10. Be3 Be7 11. h3 O-O 12. Qd2 Nxd4 13. Bxd4 b5 14. Nd1 Bb7 15.
b3 Rfd8 16. Rc1 Bf6 17. Bb2 Bxb2 18. Nxb2 a5 19. a4 b4 20. c3 bxc3 21. Rxc3 Nc5
22. Nd3 Ba6 23. Nxc5 dxc5 24. Qe3 Rac8 25. Rec1 c4 26. Bf1 Qc5 27. Qxc5 Rxc5 28.
Bxc4 Rdc8 29. Kf1 Bxc4+ 30. Rxc4 Rxc4 31. Rxc4 Rb8 32. Ke2 Kf8 33. Rc3 Ke7 34.
Kd3 Kd6 35. Kc2 f5 36. Rd3+ Kc6 37. exf5 exf5 38. Re3 Kd6 39. f4 Rc8+ 40. Kd2
Rc5 41. Rc3 Rd5+ 42. Rd3 Rxd3+ 43. Kxd3 Kc5 44. Kc3 h6 45. h4 h5 46. Kc2 Kc6 47.
Kd2 Kd6 48. Ke3 Kc5 49. Kd3 Kd5 50. Kc3 Kc5 51. Kb2 Kb6 52. Ka2 Kc6 53. Ka3 Kc5
54. b4+ axb4+ 55. Kb3 g6 56. a5 Kb5 57. a6 1/2-1/2

[Event "Druzynowe Mistrzostw Polski Juniorow - II Liga"]
[Site "Wroclaw"]
[Date "1899-12-30"]
[Round "7.4"]
[White "Radzimski, Antoni"]
[Black "Karaszewski, Gabriel"]
[Result "1/2-1/2"]
[WhiteTitle "I"]
[BlackTitle "II"]
[WhiteElo "1627"]
[BlackElo "1560"]

1. e4 c5 2. Nf3 d6 3. d4 cxd4 4. Nxd4 Nf6 5. Nc3 a6 6. h4 e5 7. Nb3 Be6 8. f4 g6
9. Be2 Nc6 10. g4 exf4 11. Bxf4 d5 12. exd5 Nxd5 13. Nxd5 Qxd5 14. Qxd5 Bxd5 15.
Rh3 O-O-O 16. O-O-O Bg7 17. g5 Rhe8 18. Bg4+ Be6 19. Bxe6+ Rxe6 20. Rxd8+ Nxd8
21. c3 Re2 22. Nc5 Ne6 23. Nxe6 Rxe6 24. Kd2 Kd7 25. Kd3 f5 26. gxf6 Bxf6 27.
Bg5 Kd6 28. Rf3 Ke5 29. Re3+ Kd6 30. Rf3 Ke7 31. a4 h6 32. Bxf6+ Rxf6 33. Rg3
Re6 34. Rf3 g5 35. hxg5 hxg5 36. Rf5 Rg6 37. Ke4 g4 38. Rf2 g3 39. Rg2 Kd6 40.
b3 Kc5 41. Kf4 Kd5 42. Rd2+ Ke6 43. Rg2 Kd5 44. Rd2+ Kc5 45. Rg2 Rb6 46. b4+ Kc4
47. Rxg3 Rd6 48. Ke5 Rd3 49. Rg7 b5 50. Rc7+ Kb3 51. axb5 axb5 52. Rc5 Rxc3 53.
Rxb5 Kc4 54. Rc5+ Kxb4 55. Rxc3 Kxc3 56. Kd5 1/2-1/2

[Event "Druzynowe Mistrzostw Polski Juniorow - II Liga"]
[Site "Wroclaw"]
[Date "1899-12-30"]
[Round "7.5"]
[White "Szachniewicz, Weronika"]
[Black "Obrochta, Lena"]
[Result "0-1"]
[WhiteTitle "I"]
[BlackTitle "I++"]
[WhiteElo "1305"]
[BlackElo "1690"]

1. e4 c5 2. Nf3 e6 3. d4 cxd4 4. Nxd4 a6 5. g3 Nf6 6. Bg2 Qc7 7. O-O Be7 8. b3
Nc6 9. Bb2 d6 10. c4 O-O 11. Nc3 Bd7 12. Re1 Rfd8 13. Nxc6 bxc6 14. Rc1 Rab8 15.
Qe2 e5 16. c5 dxc5 17. Qxa6 Ra8 18. Qe2 Be6 19. Red1 Rdb8 20. Ba1 Rb4 21. Rc2
c4 22. bxc4 Bxc4 23. Qd2 Qa5 24. Rdc1 Rd8 25. Qe1 Nd7 26. Nd1 Nc5 27. Rxc4 Rxc4
28. Qxa5 Rxc1 29. Bxe5 Rdxd1+ 30. Bf1 Rxf1+ 31. Kg2 Nxe4 32. Kf3 f5 33. Bd4 Nxf2
34. Bxf2 Rc2 35. a4 Rfxf2+ 36. Ke3 Bc5+ 37. Kd3 Rfd2+ 38. Qxd2 Rxd2+ 39. Kxd2
Bb4+ 40. Kd3 c5 41. Kc4 Kf7 42. Kb5 Ke6 43. a5 Bxa5 44. Kxa5 Kd5 45. Ka4 Kc4 46.
h4 Kd3 47. Kb3 c4+ 48. Kb2 Kd2 49. Ka2 c3 50. Kb3 c2 0-1

[Event "Druzynowe Mistrzostw Polski Juniorow - II Liga"]
[Site "Wroclaw"]
[Date "1899-12-30"]
[Round "7.6"]
[White "Salamon, Julia"]
[Black "Miklosz, Malgorzata"]
[Result "1-0"]
[WhiteTitle "I++"]
[BlackTitle "I"]
[WhiteElo "1465"]
[BlackElo "1255"]

1. d4 d5 2. c4 c6 3. Nf3 Nf6 4. e3 Bg4 5. Nc3 e6 6. Be2 Nbd7 7. cxd5 exd5 8. O-O
Bd6 9. Nd2 Bxe2 10. Qxe2 O-O 11. f3 c5 12. Nb3 Re8 13. Qf2 Rc8 14. Rd1 b6 15.
Bd2 c4 16. Nc1 Qc7 17. g3 Qc6 18. a4 a6 19. N1e2 Re7 20. Rac1 Ra8 21. Ra1 Ree8
22. Rdc1 Nf8 23. Kg2 Ne6 24. Qe1 h6 25. Qd1 Reb8 26. Na2 Qd7 27. b4 Ng5 28. Ng1
Re8 29. Qc2 Ra7 30. Re1 Qc6 31. Rab1 b5 32. a5 Rae7 33. Nc3 Kh8 34. Nh3 Nxh3 35.
Kxh3 Qd7+ 36. Kg2 Qc6 37. Qf5 Kg8 38. Kf2 Bb8 39. h4 Re6 40. Rg1 Nh7 41. Qxd5
Qxd5 42. Nxd5 Rd6 43. Nc3 f5 44. Ne2 Rc6 45. Rbc1 Bd6 46. g4 Be7 47. gxf5 Bxh4+
48. Kg2 Be7 49. f4 Nf6 50. Rc2 Bd6 51. Kf3 Ne4 52. Be1 Rc7 53. Rg6 Kh7 54. Re6
Rce7 55. Kxe4 Rxe6+ 56. fxe6 Rxe6+ 57. Kd5 Rf6 58. Bh4 Rg6 59. f5 Rg4 60. Kxd6
Rxh4 61. Nf4 Rg4 62. Ke5 Rg3 63. Rc3 Rg1 64. d5 Rd1 65. d6 Kg8 66. Nd5 Kf7 67.
d7 Rxd5+ 68. Kxd5 Ke7 69. Kc6 Kd8 70. Kd6 1-0

[Event "Druzynowe Mistrzostw Polski Juniorow - II Liga"]
[Site "Wroclaw"]
[Date "1899-12-30"]
[Round "7.7"]
[White "Jedrusik, Adam"]
[Black "Kaliszuk, Kamil"]
[Result "0-1"]
[WhiteTitle "I++"]
[BlackTitle "k"]
[WhiteElo "1960"]
[BlackElo "2088"]

1. d4 d5 2. c4 e6 3. Nc3 Nf6 4. cxd5 exd5 5. Bg5 c6 6. Qc2 g6 7. Bxf6 Qxf6 8. Nxd5
Qxd4 9. Rd1 Bb4+ 10. Nc3 Qf6 11. Nf3 O-O 12. e4 Bg4 13. Be2 Nd7 14. O-O Bxc3 15.
bxc3 Nc5 16. e5 Qf5 17. Qxf5 Bxf5 18. Nd4 Be6 19. a3 Rad8 20. f4 Ne4 21. Rc1 Nxc3
22. Rxc3 Rxd4 23. g4 Re8 24. Re3 Bd5 25. f5 Re4 26. Rxe4 Bxe4 27. fxg6 Bxg6 28.
Rd1 Rxe5 29. Kf2 Re7 30. h4 Be4 31. Rd6 Kg7 32. g5 Bd5 33. Bd3 Be6 34. h5 h6 35.
Rd8 Rd7 36. gxh6+ Kxh6 37. Rh8+ Kg7 38. Rh7+ Kg8 39. Bb1 Rd1 40. Be4 Rd4 41. Bb1
Rd1 42. Be4 Rd4 43. Bb1 Bf5 0-1

[Event "Druzynowe Mistrzostw Polski Juniorow - II Liga"]
[Site "Wroclaw"]
[Date "1899-12-30"]
[Round "7.8"]
[White "Malek, Szymon"]
[Black "Haliniak, Wojciech"]
[Result "0-1"]
[WhiteTitle "II+"]
[BlackTitle "I"]
[WhiteElo "1543"]
[BlackElo "1827"]

1. e4 Nf6 2. e5 Nd5 3. c4 Nb6 4. d4 d6 5. exd6 cxd6 6. Nc3 g6 7. Be3 Bg7 8. Rc1
O-O 9. b3 Bf5 10. g4 Bc8 11. Bg2 f5 12. gxf5 gxf5 13. Nge2 Nc6 14. Rg1 Kh8 15.
d5 Ne5 16. Bd4 f4 17. Be4 e6 18. Bxe5 Bxe5 19. Qd3 Qe7 20. a4 exd5 21. cxd5 Nd7
22. b4 a5 23. Nb5 axb4 24. Nc7 Rxa4 25. Ne6 Nc5 26. Nxc5 dxc5 27. Qb5 Bd7 28.
Qb6 f3 29. Qh6 Bf4 30. d6 Bxd6 31. Bxf3 Rxf3 32. Qh5 Rf5 33. Qg4 Rf8 34. Qc4 b5
0-1

[Event "Druzynowe Mistrzostw Polski Juniorow - II Liga"]
[Site "Wroclaw"]
[Date "1899-12-30"]
[Round "7.9"]
[White "Leszczewicz, Karol"]
[Black "Wandor, Adam"]
[Result "0-1"]
[WhiteTitle "I+"]
[BlackTitle "II"]
[WhiteElo "1519"]
[BlackElo "1571"]

1. d4 Nf6 2. c4 g6 3. Nc3 Bg7 4. e4 d6 5. Nf3 O-O 6. Be2 e5 7. O-O Re8 8. d5 a5
9. h3 Na6 10. Be3 b6 11. a3 Bd7 12. Ne1 Qe7 13. Rb1 Nc5 14. Qc2 Ncxe4 15. Nxe4
Nxe4 16. b4 axb4 17. axb4 Nf6 18. Nd3 Bf5 19. Qb3 Qd7 20. Bd1 h5 21. Bc2 Bxh3
22. gxh3 Qxh3 23. Bd1 Ng4 24. Bxg4 Qxg4+ 25. Kh1 Qh4+ 26. Kg2 Qg4+ 27. Kh1 e4
28. Nf4 Be5 29. Rg1 Qf3+ 30. Rg2 Bxf4 31. Bxf4 Qxf4 32. Re1 e3 33. Rxe3 Rxe3 34.
Qxe3 Ra1+ 35. Rg1 Qh4+ 36. Kg2 Qg4+ 37. Qg3 Rxg1+ 38. Kxg1 Qxg3+ 39. fxg3 f5 40.
Kf2 Kf7 41. Ke3 g5 42. Kd4 0-1

[Event "Druzynowe Mistrzostw Polski Juniorow - II Liga"]
[Site "Wroclaw"]
[Date "1899-12-30"]
[Round "7.10"]
[White "Osinski, Maksymilian"]
[Black "Krogulski, Maksymilian"]
[Result "1-0"]
[WhiteTitle "II"]
[BlackTitle "I"]
[WhiteElo "1329"]
[BlackElo "1584"]

1. e4 c5 2. Nf3 Nc6 3. Bb5 a6 4. Bxc6 bxc6 5. O-O g6 6. Re1 Bg7 7. e5 e6 8. d4
cxd4 9. Qxd4 d5 10. Bd2 Ne7 11. Bb4 O-O 12. Nbd2 Re8 13. Nf1 Bb7 14. Ng3 Bf8 15.
Rad1 Nc8 16. Bxf8 Rxf8 17. Qg4 Kh8 18. Qh3 Kg7 19. Qg4 Kh8 20. Qh3 Kg7 21. Rd4
Rh8 22. Rg4 h5 23. Rf4 c5 24. Rf6 Bc6 25. Ng5 Qa5 26. Rxf7+ Kh6 27. Nf3 Ra7 28.
Rxa7 Nxa7 29. Qxe6 Rf8 30. Rf1 Qc7 31. Nh4 Qf7 32. Qxf7 Rxf7 33. e6 Re7 34. Nxh5
gxh5 35. Nf5+ Kg6 36. Nxe7+ Kf6 37. Nxc6 Nxc6 38. Re1 Ne7 39. f3 d4 40. Kf2 Kf5
41. h3 a5 42. g4+ hxg4 43. hxg4+ Kf6 44. Kg3 a4 45. f4 Nc6 46. g5+ Ke7 47. f5
c4 48. f6+ Ke8 49. g6 Ne7 50. fxe7 Kxe7 51. g7 d3 52. cxd3 cxd3 53. g8=Q d2 54.
Qf7+ Kd6 55. Rd1 a3 56. Rxd2+ Kc6 57. Qd7+ Kc5 58. Rc2+ Kb6 59. Qc6+ Ka7 60. Qb5
axb2 61. Rc7+ Ka8 62. Qb7# 1-0

[Event "Druzynowe Mistrzostw Polski Juniorow - II Liga"]
[Site "Wroclaw"]
[Date "1899-12-30"]
[Round "7.11"]
[White "Pastuszko, Katarzyna"]
[Black "Egeman, Emilia"]
[Result "0-1"]
[WhiteTitle "I++"]
[BlackTitle "I++"]
[WhiteElo "1285"]
[BlackElo "1852"]

1. e4 c5 2. Nf3 d6 3. d4 cxd4 4. Nxd4 Nf6 5. f3 a6 6. c4 e5 7. Nc2 Be6 8. Nc3 Be7
9. Be3 Qc7 10. Nd5 Bxd5 11. cxd5 O-O 12. Be2 Nbd7 13. O-O Nh5 14. Rc1 Qd8 15.
Qd2 g6 16. Kh1 Ng7 17. Ne1 f5 18. Nd3 f4 19. Bg1 Kh8 20. a4 g5 21. Nf2 Qe8 22.
a5 Nc5 23. Qd1 Bd8 24. b4 Nd7 25. Nd3 Nh5 26. Bf2 Rf6 27. Nb2 Rh6 28. Kg1 Nhf6
29. Qd3 Qg6 30. Nc4 Ne8 31. Qb1 Qh5 32. h3 Ndf6 33. b5 Qf7 34. bxa6 bxa6 35. Nb6
Rb8 36. Bxa6 Nh5 37. Rc8 Rxc8 38. Bxc8 Ng3 39. a6 Nxf1 40. Qxf1 g4 41. Bxg4 Qc7
42. Qc4 Qxc4 43. Nxc4 Rg6 44. a7 Nc7 45. Bb6 Rg8 46. Nxd6 Na8 47. Be6 Bxb6+ 48.
Kf1 Rf8 49. Ke2 Bxa7 50. Nb7 Nc7 51. Bg4 Nb5 52. Kd3 Rb8 53. Na5 Nd4 54. Nc6 Nxc6
55. dxc6 Bb6 56. Kc4 Kg7 57. Kd5 Bc7 58. Ke6 Rd8 59. Ke7 Rd2 60. Bf5 h5 61. Be6
Rxg2 62. Bf7 Rg3 63. Bxh5 Rxh3 64. Bg4 Rg3 65. Bh5 Kh6 0-1

[Event "Druzynowe Mistrzostw Polski Juniorow - II Liga"]
[Site "Wroclaw"]
[Date "1899-12-30"]
[Round "7.12"]
[White "Kaminska, Zuzanna"]
[Black "Malicka, Magdalena"]
[Result "1/2-1/2"]
[WhiteTitle "I"]
[BlackTitle "I"]
[WhiteElo "1201"]
[BlackElo "1271"]

1. e4 e5 2. Nf3 Nc6 3. Bc4 Bc5 4. d3 d6 5. Nc3 a6 6. Be3 Nd4 7. Bxd4 exd4 8. Ne2
Bg4 9. Qd2 Qf6 10. Qf4 Bb4+ 11. Kf1 Qxf4 12. Nxf4 Bxf3 13. gxf3 Ne7 14. Rg1 Ng6
15. Nd5 Ba5 16. b4 Bb6 17. a4 Rc8 18. b5 a5 19. f4 Kf8 20. Bb3 Bc5 21. f5 Ne5
22. Ke2 c6 23. bxc6 bxc6 24. Nf4 Nd7 25. Rab1 g6 26. fxg6 hxg6 27. h3 Ne5 28.
Ba2 Rh4 29. Ng2 Rxh3 30. f4 Ng4 31. Rb7 Rh7 32. Be6 fxe6 33. Rxh7 Kg8 34. Rgh1
Rf8 35. Rh8+ Kf7 36. Rxf8+ Kxf8 37. Nh4 Ne3 38. Kd2 Bb4+ 39. Kc1 d5 40. exd5 Nxd5
41. Nxg6+ Kg7 42. Rg1 Kf6 43. Ne5 Nxf4 44. Ng4+ Ke7 45. Kd1 Nd5 46. Rh1 Nc3+ 47.
Kc1 Nxa4 48. Ne5 Kd6 49. Nc4+ Ke7 50. Rh7+ Kf6 51. Ra7 Nc3 52. Nxa5 Nb5 53. Ra6
Nc7 54. Ra7 Nb5 55. Ra6 Ke5 1/2-1/2

[Event "Druzynowe Mistrzostw Polski Juniorow - II Liga"]
[Site "Wroclaw"]
[Date "1899-12-30"]
[Round "7.13"]
[White "Demski, Michal"]
[Black "Malinowski, Szymon"]
[Result "1/2-1/2"]
[WhiteTitle "I+"]
[BlackTitle "I"]
[WhiteElo "1737"]
[BlackElo "1824"]

1. d4 d5 2. c4 e6 3. Nc3 f5 4. e3 Nf6 5. Nf3 c6 6. Be2 Bd6 7. O-O Nbd7 8. Nd2 g5
9. Re1 g4 10. f3 gxf3 11. Bxf3 O-O 12. Nf1 Ne4 13. Ne2 Kh8 14. Bxe4 fxe4 15. Nf4
Nf6 16. Ng3 Rg8 17. Bd2 Ng4 18. Nf1 Qh4 19. Qe2 Bd7 20. h3 Nh6 21. Qh5 Qf6 22.
Kh1 Nf5 23. Qe2 Rg5 24. g4 Nxd4 25. exd4 Bxf4 26. Bxf4 Qxf4 27. Ne3 Qg3 28. Qg2
Qxg2+ 29. Kxg2 Rf8 30. Rf1 Rgg8 31. cxd5 exd5 1/2-1/2

[Event "Druzynowe Mistrzostw Polski Juniorow - II Liga"]
[Site "Wroclaw"]
[Date "1899-12-30"]
[Round "7.14"]
[White "Trzebinski, Patryk"]
[Black "Topola, Rafal"]
[Result "1-0"]
[WhiteTitle "I++"]
[BlackTitle "I"]
[WhiteElo "1782"]
[BlackElo "1999"]

1. e4 c6 2. d4 d5 3. exd5 cxd5 4. c4 Nf6 5. Nc3 g6 6. Bg5 Bg7 7. Bxf6 Bxf6 8. cxd5
Qb6 9. Bb5+ Bd7 10. Bxd7+ Nxd7 11. Nge2 O-O 12. O-O Rfd8 13. b4 Rac8 14. Qd3 Qxb4
15. Rab1 Qa5 16. Rxb7 Nb6 17. Nb5 Qxa2 18. Nxa7 Rb8 19. Nc3 Qc4 20. Qxc4 Nxc4
21. Rxb8 Rxb8 22. Nc6 Rb3 23. Ne4 Kg7 24. Rc1 Nb6 25. d6 exd6 26. Nxd6 Rd3 27.
Ne8+ 1-0